[Event "English Open Championship 2024"]
[Site "Holiday Inn, 212 Abbey End, Kenilworth CV8 1ED, United Kingdom"]
[Date "2024.06.21"]
[Round "3.34"]
[White "Kothari, Jai"]
[Black "Hertog, Alexander"]
[Result "1/2-1/2"]
[TimeControl "G90 + 30secs/move"]
[WhiteFideId "477117"]
[BlackFideId "488453"]
[WhiteElo "2038"]
[BlackElo "1943"]

1. e4 {[%clk 01:30:59]} c6 {[%clk 01:30:58]} {[%emt 00:00:03]} 2. d4 {[%clk
01:31:25]} {[%emt 00:00:04]} d5 {[%clk 01:31:26]} {[%emt 00:00:01]} 3. exd5
{[%clk 01:31:49]} {[%emt 00:00:06]} cxd5 {[%clk 01:31:54]} {[%emt 00:00:03]} 4.
Bd3 {[%clk 01:32:14]} {[%emt 00:00:05]} Nc6 {[%clk 01:32:20]} {[%emt 00:00:03]}
5. c3 {[%clk 01:32:40]} {[%emt 00:00:04]} Nf6 {[%clk 01:32:48]} {[%emt
00:00:03]} 6. Bf4 {[%clk 01:33:05]} {[%emt 00:00:04]} Bg4 {[%clk 01:33:12]}
{[%emt 00:00:06]} 7. Qb3 {[%clk 01:33:31]} {[%emt 00:00:05]} Qd7 {[%clk
01:33:39]} {[%emt 00:00:03]} 8. Nd2 {[%clk 01:33:56]} {[%emt 00:00:05]} e6
{[%clk 01:34:05]} {[%emt 00:00:03]} 9. Ngf3 {[%clk 01:34:22]} {[%emt 00:00:03]}
Bd6 {[%clk 01:34:32]} {[%emt 00:00:04]} 10. Bxd6 {[%clk 01:34:48]} {[%emt
00:00:05]} Qxd6 {[%clk 01:34:58]} {[%emt 00:00:04]} 11. O-O {[%clk 01:34:49]}
{[%emt 00:00:29]} O-O {[%clk 01:35:22]} {[%emt 00:00:06]} 12. Rae1 {[%clk
01:35:17]} {[%emt 00:00:02]} Bh5 {[%clk 01:31:47]} {[%emt 00:04:04]} 13. Ne5
{[%clk 01:31:49]} {[%emt 00:03:57]} Rab8 {[%clk 01:27:06]} {[%emt 00:05:12]} 14.
Qc2 {[%clk 01:31:25]} {[%emt 00:00:55]} Rfc8 {[%clk 01:24:32]} {[%emt
00:03:04]} 15. Qb1 {[%clk 01:31:44]} {[%emt 00:00:10]} b5 {[%clk 01:24:39]}
{[%emt 00:00:23]} 16. a3 {[%clk 01:32:12]} {[%emt 00:00:02]} a5 {[%clk
01:24:49]} {[%emt 00:00:21]} 17. Nb3 {[%clk 01:32:03]} {[%emt 00:00:39]} Qd8
{[%clk 01:21:27]} {[%emt 00:03:52]} 18. Nc5 {[%clk 01:02:39]} {[%emt 00:29:54]}
b4 {[%clk 01:12:16]} {[%emt 00:09:40]} 19. axb4 {[%clk 01:02:40]} {[%emt
00:00:29]} axb4 {[%clk 01:12:23]} {[%emt 00:00:23]} 20. Na6 {[%clk 01:03:04]}
{[%emt 00:00:06]} Rb6 {[%clk 01:12:15]} {[%emt 00:00:38]} 21. Nxc6 {[%clk
01:03:20]} {[%emt 00:00:14]} Rcxc6 {[%clk 01:08:00]} {[%emt 00:04:46]} 22. Nxb4
{[%clk 01:03:34]} {[%emt 00:00:16]} Rc8 {[%clk 01:08:14]} {[%emt 00:00:15]} 23.
Qa2 {[%clk 01:03:47]} {[%emt 00:00:18]} Ra8 {[%clk 01:07:47]} {[%emt 00:00:56]}
24. Qb3 {[%clk 01:04:11]} {[%emt 00:00:06]} Bg6 {[%clk 01:07:49]} {[%emt
00:00:28]} 25. Bxg6 {[%clk 01:04:22]} {[%emt 00:00:19]} hxg6 {[%clk 01:08:16]}
{[%emt 00:00:03]} 26. Ra1 {[%clk 01:02:07]} {[%emt 00:02:45]} Ne4 {[%clk
01:08:36]} {[%emt 00:00:10]} 27. Qc2 {[%clk 01:02:28]} {[%emt 00:00:09]} Qc8
{[%clk 01:08:23]} {[%emt 00:00:42]} 28. Qe2 {[%clk 01:01:33]} {[%emt 00:01:26]}
Rb7 {[%clk 01:08:27]} {[%emt 00:00:27]} 29. Ra6 {[%clk 01:00:22]} {[%emt
00:01:40]} Rba7 {[%clk 01:08:17]} {[%emt 00:00:41]} 30. Rfa1 {[%clk 01:00:10]}
{[%emt 00:00:42]} Qb7 {[%clk 01:08:08]} {[%emt 00:00:39]} 31. f3 {[%clk
00:58:21]} {[%emt 00:02:19]} Nd6 {[%clk 01:08:32]} {[%emt 00:00:06]} 32. Rxa7
{[%clk 00:57:35]} {[%emt 00:01:17]} Rxa7 {[%clk 01:08:52]} {[%emt 00:00:09]} 33.
Rxa7 {[%clk 00:57:55]} {[%emt 00:00:10]} Qxa7 {[%clk 01:09:20]} {[%emt
00:00:03]} 34. Kf2 {[%clk 00:57:53]} {[%emt 00:00:32]} Kf8 {[%clk 01:09:19]}
{[%emt 00:00:30]} 35. Qa6 {[%clk 00:54:43]} {[%emt 00:03:40]} Qxa6 {[%clk
01:09:46]} {[%emt 00:00:03]} 36. Nxa6 {[%clk 00:55:07]} {[%emt 00:00:07]} Nc4
{[%clk 01:10:07]} {[%emt 00:00:09]} 37. b3 {[%clk 00:55:18]} {[%emt 00:00:18]}
Na5 {[%clk 01:10:35]} {[%emt 00:00:03]} 38. Nc5 {[%clk 00:55:44]} {[%emt
00:00:04]} Ke7 {[%clk 01:10:59]} {[%emt 00:00:05]} 39. Ke3 {[%clk 00:56:12]}
{[%emt 00:00:02]} Kd6 {[%clk 01:11:22]} {[%emt 00:00:08]} 40. Kd3 {[%clk
00:55:18]} {[%emt 00:01:23]} e5 {[%clk 01:10:47]} {[%emt 00:01:04]} 41. h4
{[%clk 00:55:43]} {[%emt 00:00:05]} Nc6 {[%clk 01:07:13]} {[%emt 00:04:05]} 42.
Na6 {[%clk 00:54:58]} {[%emt 00:01:16]} exd4 {[%clk 01:05:15]} {[%emt
00:02:28]} 43. cxd4 {[%clk 00:55:21]} {[%emt 00:00:06]} Na7 {[%clk 00:54:58]}
{[%emt 00:10:47]} 44. Nb4 {[%clk 00:54:29]} {[%emt 00:01:22]} Nb5 {[%clk
00:53:58]} {[%emt 00:01:30]} 45. Ke3 {[%clk 00:54:24]} {[%emt 00:00:35]} Nc3
{[%clk 00:48:43]} {[%emt 00:05:46]} 46. Kd3 {[%clk 00:54:04]} {[%emt 00:00:48]}
Nb5 {[%clk 00:46:32]} {[%emt 00:02:43]} 47. Na2 {[%clk 00:54:32]} {[%emt
00:00:01]} Kc6 {[%clk 00:46:03]} {[%emt 00:00:59]} 48. Nc3 {[%clk 00:54:29]}
{[%emt 00:00:33]} Nc7 {[%clk 00:35:53]} {[%emt 00:10:40]} 49. g3 {[%clk
00:53:49]} {[%emt 00:01:11]} f6 {[%clk 00:28:50]} {[%emt 00:07:32]} 50. Ne2
{[%clk 00:53:49]} {[%emt 00:00:30]} Ne6 {[%clk 00:28:19]} {[%emt 00:01:02]} 51.
Kc3 {[%clk 00:53:52]} {[%emt 00:00:27]} Kb5 {[%clk 00:27:00]} {[%emt 00:01:49]}
52. Nc1 {[%clk 00:53:16]} {[%emt 00:01:05]} g5 {[%clk 00:27:01]} {[%emt
00:00:28]} 53. h5 {[%clk 00:53:30]} {[%emt 00:00:16]} Nc7 {[%clk 00:16:52]}
{[%emt 00:10:41]} 54. Nd3 {[%clk 00:52:15]} {[%emt 00:01:45]} Kc6 {[%clk
00:11:42]} {[%emt 00:05:40]} 55. Nc5 {[%clk 00:50:21]} {[%emt 00:02:24]} Nb5+
{[%clk 00:12:08]} {[%emt 00:00:03]} 56. Kd3 {[%clk 00:50:47]} {[%emt 00:00:04]}
Kd6 {[%clk 00:12:24]} {[%emt 00:00:14]} 57. Na4 {[%clk 00:49:43]} {[%emt
00:01:34]} Kc6 {[%clk 00:12:09]} {[%emt 00:00:45]} 58. Nc3 {[%clk 00:49:38]}
{[%emt 00:00:36]} Nd6 {[%clk 00:06:48]} {[%emt 00:05:50]} 59. Ne2 {[%clk
00:41:38]} {[%emt 00:08:31]} f5 {[%clk 00:05:04]} {[%emt 00:02:14]} 60. Ke3
{[%clk 00:41:26]} {[%emt 00:00:42]} Ne8 {[%clk 00:05:16]} {[%emt 00:00:16]} 61.
g4 {[%clk 00:41:38]} {[%emt 00:00:19]} fxg4 {[%clk 00:04:36]} {[%emt 00:01:10]}
62. fxg4 {[%clk 00:42:03]} {[%emt 00:00:06]} Nf6 {[%clk 00:05:04]} {[%emt
00:00:02]} 63. Kf3 {[%clk 00:42:26]} {[%emt 00:00:06]} Ne4 {[%clk 00:05:32]}
{[%emt 00:00:02]} 64. Nc1 {[%clk 00:41:56]} {[%emt 00:00:59]} Kb5 {[%clk
00:05:48]} {[%emt 00:00:15]} 65. Nd3 {[%clk 00:42:25]} {[%emt 00:00:01]} Nd2+
{[%clk 00:01:28]} {[%emt 00:04:50]} 66. Ke3 {[%clk 00:42:51]} {[%emt 00:00:04]}
Nxb3 {[%clk 00:01:55]} {[%emt 00:00:03]} 67. Ne5 {[%clk 00:43:18]} {[%emt
00:00:04]} Kb4 {[%clk 00:00:58]} {[%emt 00:01:27]} 68. Nc6+ {[%clk 00:39:11]}
{[%emt 00:04:36]} Kc4 {[%clk 00:00:38]} {[%emt 00:00:50]} 69. Ne5+ {[%clk
00:34:59]} {[%emt 00:04:42]} Kc3 {[%clk 00:01:04]} {[%emt 00:00:04]} 70. Nf7
{[%clk 00:34:14]} {[%emt 00:01:16]} Nxd4 {[%clk 00:01:17]} {[%emt 00:00:15]} 71.
Nxg5 {[%clk 00:34:41]} {[%emt 00:00:03]} Nc6 {[%clk 00:00:35]} {[%emt
00:01:13]} 72. Kf4 {[%clk 00:34:54]} {[%emt 00:00:17]} d4 {[%clk 00:00:38]}
{[%emt 00:00:27]} 73. Ne4+ {[%clk 00:35:23]} Kd3 {[%clk 00:00:31]} {[%emt
00:00:37]} 74. g5 {[%clk 00:35:49]} {[%emt 00:00:04]} Ne7 {[%clk 00:00:31]}
{[%emt 00:00:31]} 75. Ke5 {[%clk 00:33:34]} {[%emt 00:02:45]} Ke3 {[%clk
00:00:42]} {[%emt 00:00:18]} 76. Nc5 {[%clk 00:33:55]} {[%emt 00:00:09]} Ng8
{[%clk 00:00:32]} {[%emt 00:00:40]} 77. Kf5 {[%clk 00:33:54]} {[%emt 00:00:32]}
Kf3 {[%clk 00:00:43]} {[%emt 00:00:19]} 78. Nd3 {[%clk 00:28:31]} {[%emt
00:05:52]} Ne7+ {[%clk 00:00:49]} {[%emt 00:00:25]} 79. Ke6 {[%clk 00:28:59]}
Kg4 {[%clk 00:00:52]} {[%emt 00:00:27]} 80. h6 {[%clk 00:29:28]} {[%emt
00:00:01]} Kxg5 {[%clk 00:00:31]} {[%emt 00:00:51]} 81. h7 {[%clk 00:29:27]}
{[%emt 00:00:31]} Ng6 {[%clk 00:00:57]} {[%emt 00:00:04]} 1/2-1/2

[Event "English Open Championship 2024"]
[Site "Holiday Inn, 212 Abbey End, Kenilworth CV8 1ED, United Kingdom"]
[Date "2024.06.21"]
[Round "3.35"]
[White "Turner, Lewis A"]
[Black "Damodaran, Patrick"]
[Result "1/2-1/2"]
[TimeControl "G90 + 30secs/move"]
[WhiteFideId "412600"]
[BlackFideId "465429"]
[WhiteElo "1929"]
[BlackElo "1934"]

1. e4 {[%clk 01:30:58]} {[%emt 00:00:02]} e5 {[%clk 01:30:49]} {[%emt
00:00:12]} 2. Nf3 {[%clk 01:31:24]} {[%emt 00:00:04]} Nc6 {[%clk 01:31:11]}
{[%emt 00:00:07]} 3. Bb5 {[%clk 01:31:50]} {[%emt 00:00:03]} a6 {[%clk
01:31:32]} {[%emt 00:00:10]} 4. Ba4 {[%clk 01:32:17]} {[%emt 00:00:04]} Nf6
{[%clk 01:31:51]} {[%emt 00:00:10]} 5. O-O {[%clk 01:32:43]} {[%emt 00:00:04]}
Be7 {[%clk 01:32:01]} {[%emt 00:00:19]} 6. Re1 {[%clk 01:33:02]} {[%emt
00:00:11]} b5 {[%clk 01:32:27]} {[%emt 00:00:05]} 7. Bb3 {[%clk 01:33:29]}
{[%emt 00:00:03]} O-O {[%clk 01:32:42]} {[%emt 00:00:14]} 8. c3 {[%clk
01:33:56]} {[%emt 00:00:04]} d5 {[%clk 01:33:01]} {[%emt 00:00:11]} 9. exd5
{[%clk 01:34:19]} {[%emt 00:00:07]} Nxd5 {[%clk 01:33:25]} {[%emt 00:00:06]} 10.
Nxe5 {[%clk 01:34:44]} {[%emt 00:00:05]} Nxe5 {[%clk 01:33:48]} {[%emt
00:00:07]} 11. Rxe5 {[%clk 01:35:09]} {[%emt 00:00:04]} c6 {[%clk 01:34:10]}
{[%emt 00:00:09]} 12. d4 {[%clk 01:35:33]} {[%emt 00:00:06]} Bd6 {[%clk
01:34:37]} {[%emt 00:00:04]} 13. Re1 {[%clk 01:35:51]} {[%emt 00:00:11]} Qh4
{[%clk 01:35:01]} {[%emt 00:00:06]} 14. g3 {[%clk 01:36:01]} {[%emt 00:00:19]}
Qh3 {[%clk 01:35:27]} {[%emt 00:00:04]} 15. Qf3 {[%clk 01:33:56]} {[%emt
00:02:35]} Bg4 {[%clk 01:34:12]} {[%emt 00:01:46]} 16. Qg2 {[%clk 01:34:20]}
{[%emt 00:00:05]} Qh5 {[%clk 01:33:45]} {[%emt 00:00:56]} 17. Bxd5 {[%clk
01:33:04]} {[%emt 00:01:47]} cxd5 {[%clk 01:34:07]} {[%emt 00:00:09]} 18. f4
{[%clk 01:25:22]} {[%emt 00:08:11]} Rae8 {[%clk 01:31:40]} {[%emt 00:02:56]} 19.
Be3 {[%clk 01:25:45]} {[%emt 00:00:08]} Re6 {[%clk 01:31:08]} {[%emt 00:01:05]}
20. Nd2 {[%clk 01:23:59]} {[%emt 00:02:14]} Rfe8 {[%clk 01:28:05]} {[%emt
00:03:33]} 21. Qf2 {[%clk 01:24:12]} {[%emt 00:00:17]} Qf5 {[%clk 01:24:13]}
{[%emt 00:04:22]} 22. Nb3 {[%clk 01:19:14]} {[%emt 00:05:27]} h5 {[%clk
01:19:19]} {[%emt 00:05:25]} 23. h4 {[%clk 01:16:54]} {[%emt 00:02:50]} g6
{[%clk 01:16:11]} {[%emt 00:03:37]} 24. Nc5 {[%clk 01:14:58]} {[%emt 00:02:27]}
Bxc5 {[%clk 01:16:20]} {[%emt 00:00:21]} 25. dxc5 {[%clk 01:15:17]} {[%emt
00:00:11]} Qd3 {[%clk 01:16:27]} {[%emt 00:00:23]} 26. Bd4 {[%clk 01:13:52]}
{[%emt 00:01:55]} Re2 {[%clk 01:16:13]} {[%emt 00:00:44]} 27. Rxe2 {[%clk
01:14:15]} {[%emt 00:00:07]} Rxe2 {[%clk 01:16:34]} {[%emt 00:00:09]} 28. Re1
{[%clk 01:14:34]} {[%emt 00:00:08]} Kf8 {[%clk 01:02:15]} {[%emt 00:14:52]} 29.
Rxe2 {[%clk 01:14:52]} {[%emt 00:00:12]} Bxe2 {[%clk 01:00:59]} {[%emt
00:01:46]} 30. c6 {[%clk 00:54:16]} {[%emt 00:21:06]} Qd1+ {[%clk 00:58:36]}
{[%emt 00:02:53]} 31. Kh2 {[%clk 00:54:34]} {[%emt 00:00:11]} Bf3 {[%clk
00:57:58]} {[%emt 00:01:07]} 32. Bc5+ {[%clk 00:54:01]} {[%emt 00:01:04]} Ke8
{[%clk 00:57:07]} {[%emt 00:01:22]} 33. Qg1 {[%clk 00:52:25]} {[%emt 00:02:05]}
Qe2+ {[%clk 00:57:05]} {[%emt 00:00:33]} 34. Qf2 {[%clk 00:48:30]} {[%emt
00:04:24]} Qd1 {[%clk 00:57:17]} {[%emt 00:00:18]} 35. Qg1 {[%clk 00:48:08]}
{[%emt 00:00:51]} 1/2-1/2

[Event "English Open Championship 2024"]
[Site "Holiday Inn, 212 Abbey End, Kenilworth CV8 1ED, United Kingdom"]
[Date "2024.06.21"]
[Round "3.36"]
[White "Gordon, Sean"]
[Black "Zhang, Junyi"]
[Result "0-1"]
[TimeControl "G90 + 30secs/move"]
[WhiteFideId "498793"]
[BlackFideId "494437"]
[WhiteElo "1964"]
[BlackElo "1962"]

1. c4 {[%clk 01:30:55]} {[%emt 00:00:04]} Nf6 {[%clk 01:30:15]} {[%emt
00:00:46]} 2. Nc3 {[%clk 01:31:13]} {[%emt 00:00:13]} d5 {[%clk 01:27:55]}
{[%emt 00:02:50]} 3. cxd5 {[%clk 01:31:08]} {[%emt 00:00:34]} Nxd5 {[%clk
01:27:55]} {[%emt 00:00:30]} 4. g3 {[%clk 01:31:15]} {[%emt 00:00:23]} e6
{[%clk 01:27:27]} {[%emt 00:00:58]} 5. Bg2 {[%clk 01:31:02]} {[%emt 00:00:43]}
c6 {[%clk 01:27:40]} {[%emt 00:00:18]} 6. Nf3 {[%clk 01:29:23]} {[%emt
00:02:08]} Nd7 {[%clk 01:25:00]} {[%emt 00:03:10]} 7. O-O {[%clk 01:27:44]}
{[%emt 00:02:09]} Be7 {[%clk 01:25:10]} {[%emt 00:00:21]} 8. d4 {[%clk
01:26:26]} {[%emt 00:01:47]} O-O {[%clk 01:23:17]} {[%emt 00:02:23]} 9. e4
{[%clk 01:23:25]} {[%emt 00:03:30]} Nxc3 {[%clk 01:21:27]} {[%emt 00:02:21]} 10.
bxc3 {[%clk 01:23:50]} {[%emt 00:00:05]} c5 {[%clk 01:20:58]} {[%emt 00:00:59]}
11. Be3 {[%clk 01:21:38]} {[%emt 00:02:41]} b6 {[%clk 01:18:13]} {[%emt
00:03:16]} 12. d5 {[%clk 01:12:02]} {[%emt 00:10:07]} Ba6 {[%clk 01:03:26]}
{[%emt 00:15:17]} 13. dxe6 {[%clk 01:06:01]} {[%emt 00:06:30]} Bxf1 {[%clk
01:02:55]} {[%emt 00:01:02]} 14. exf7+ {[%clk 01:06:05]} {[%emt 00:00:25]} Rxf7
{[%clk 00:58:44]} {[%emt 00:04:42]} 15. Bxf1 {[%clk 01:05:51]} {[%emt
00:00:44]} Rf8 {[%clk 00:54:47]} {[%emt 00:04:27]} 16. e5 {[%clk 00:55:55]}
{[%emt 00:10:26]} Qc7 {[%clk 00:40:30]} {[%emt 00:14:45]} 17. Bf4 {[%clk
00:53:09]} {[%emt 00:03:17]} g5 {[%clk 00:33:32]} {[%emt 00:07:28]} 18. Bxg5
{[%clk 00:46:38]} {[%emt 00:07:01]} Nxe5 {[%clk 00:29:28]} {[%emt 00:04:35]} 19.
Qd5+ {[%clk 00:43:55]} {[%emt 00:03:13]} Nf7 {[%clk 00:28:31]} {[%emt
00:01:28]} 20. Bc4 {[%clk 00:42:38]} {[%emt 00:01:47]} b5 {[%clk 00:23:00]}
{[%emt 00:06:00]} 21. Bxe7 {[%clk 00:36:52]} {[%emt 00:06:17]} Qxe7 {[%clk
00:22:37]} {[%emt 00:00:52]} 22. Re1 {[%clk 00:33:37]} {[%emt 00:03:45]} Qd8
{[%clk 00:20:29]} {[%emt 00:02:39]} 23. Qxd8 {[%clk 00:30:02]} {[%emt
00:04:04]} Raxd8 {[%clk 00:20:04]} {[%emt 00:00:55]} 24. Bxb5 {[%clk 00:29:56]}
{[%emt 00:00:36]} Nd6 {[%clk 00:18:43]} {[%emt 00:01:51]} 25. Be2 {[%clk
00:29:02]} {[%emt 00:01:24]} Rde8 {[%clk 00:17:33]} {[%emt 00:01:40]} 26. Kg2
{[%clk 00:28:16]} {[%emt 00:01:16]} h6 {[%clk 00:13:10]} {[%emt 00:04:53]} 27.
a4 {[%clk 00:26:14]} {[%emt 00:02:32]} Re4 {[%clk 00:10:35]} {[%emt 00:03:05]}
28. Rd1 {[%clk 00:24:51]} {[%emt 00:01:53]} Rf6 {[%clk 00:09:18]} {[%emt
00:01:47]} 29. Bb5 {[%clk 00:23:59]} {[%emt 00:01:22]} Nxb5 {[%clk 00:06:17]}
{[%emt 00:03:32]} 30. axb5 {[%clk 00:24:28]} {[%emt 00:00:02]} Rb6 {[%clk
00:05:19]} {[%emt 00:01:27]} 31. Rd8+ {[%clk 00:21:48]} {[%emt 00:03:09]} Kf7
{[%clk 00:05:03]} {[%emt 00:00:47]} 32. Rd7+ {[%clk 00:17:12]} {[%emt
00:05:06]} Re7 {[%clk 00:04:58]} {[%emt 00:00:36]} 33. Ne5+ {[%clk 00:16:32]}
{[%emt 00:01:09]} Ke6 {[%clk 00:04:30]} {[%emt 00:00:57]} 34. Rxe7+ {[%clk
00:16:58]} {[%emt 00:00:06]} Kxe7 {[%clk 00:04:51]} {[%emt 00:00:08]} 35. c4
{[%clk 00:17:23]} {[%emt 00:00:05]} Ke6 {[%clk 00:04:07]} {[%emt 00:01:15]} 36.
f4 {[%clk 00:17:46]} {[%emt 00:00:06]} a6 {[%clk 00:03:53]} {[%emt 00:00:44]}
37. bxa6 {[%clk 00:18:10]} {[%emt 00:00:06]} Rxa6 {[%clk 00:04:05]} {[%emt
00:00:18]} 38. Kf3 {[%clk 00:16:42]} {[%emt 00:01:58]} Ra2 {[%clk 00:03:30]}
{[%emt 00:01:06]} 39. Nd3 {[%clk 00:12:51]} {[%emt 00:04:20]} Kd6 {[%clk
00:02:12]} {[%emt 00:01:49]} 40. h3 {[%clk 00:13:12]} {[%emt 00:00:09]} Ra3
{[%clk 00:01:19]} {[%emt 00:01:22]} 41. Ke3 {[%clk 00:08:57]} {[%emt 00:04:44]}
Rc3 {[%clk 00:01:39]} {[%emt 00:00:11]} 42. g4 {[%clk 00:08:48]} {[%emt
00:00:39]} Rxc4 {[%clk 00:01:40]} {[%emt 00:00:30]} 43. h4 {[%clk 00:08:37]}
{[%emt 00:00:41]} Ke6 {[%clk 00:01:08]} {[%emt 00:01:01]} 44. Ne5 {[%clk
00:07:46]} {[%emt 00:01:21]} Rc1 {[%clk 00:00:53]} {[%emt 00:00:46]} 45. Nd3
{[%clk 00:07:22]} {[%emt 00:00:53]} Rc2 {[%clk 00:00:52]} {[%emt 00:00:30]} 46.
f5+ {[%clk 00:05:51]} {[%emt 00:02:02]} Kf6 {[%clk 00:01:14]} {[%emt 00:00:08]}
47. Nf4 {[%clk 00:06:03]} {[%emt 00:00:17]} Rh2 {[%clk 00:01:19]} {[%emt
00:00:26]} 48. Nd5+ {[%clk 00:04:46]} {[%emt 00:01:46]} Kf7 {[%clk 00:01:23]}
{[%emt 00:00:27]} 49. g5 {[%clk 00:01:37]} {[%emt 00:03:39]} Rxh4 {[%clk
00:01:18]} {[%emt 00:00:35]} 50. gxh6 {[%clk 00:02:00]} {[%emt 00:00:07]} Rxh6
{[%clk 00:01:44]} {[%emt 00:00:04]} 51. Kf4 {[%clk 00:02:00]} {[%emt 00:00:30]}
Rh1 {[%clk 00:02:04]} {[%emt 00:00:10]} 52. Ke4 {[%clk 00:02:14]} {[%emt
00:00:16]} Rd1 {[%clk 00:02:00]} {[%emt 00:00:34]} 53. Nc3 {[%clk 00:01:47]}
{[%emt 00:00:58]} Rd8 {[%clk 00:02:02]} {[%emt 00:00:27]} 54. Nd5 {[%clk
00:02:10]} {[%emt 00:00:08]} c4 {[%clk 00:02:27]} {[%emt 00:00:05]} 55. Ke5
{[%clk 00:02:11]} {[%emt 00:00:29]} Rxd5+ {[%clk 00:02:50]} {[%emt 00:00:07]}
0-1